00601nam a2200169Ia 4500008004000000020001700040082001600057100000900073245004300082260003800125300001200163650003600175690002500211906001200236999001900248952016400267210210b2000 xxu||||| |||| 00| 0 eng d a019 565607 5 a338.91 HUMA aUNDP aHuman development report two thousand. aNDbOxford University Pressc2000 axiv,291 aHuman development report 2000  aEconomic Development aSG03575 c114330d114330 001040738EconomicsaALbALcEconomicsd2021-02-17eHigginbothams (P) Ltd., Mangalore-01.g0.00l0o338.91 HUMApSG03575r2021-02-17 00:00:00w2021-02-17ySG